Research methods for business students (Record no. 4050)

MARC details
000 -LEADER
fixed length control field 00671 a2200169 4500
000 - LEADER
fixed length control field BKB
001 - CONTROL NUMBER
control field 070619
005 - DATE AND TIME OF LATEST TRANSACTION
control field 20200902150847.0
008 - FIXED-LENGTH DATA ELEMENTS--GENERAL INFORMATION
fixed length control field
082 ## - DEWEY DECIMAL CLASSIFICATION NUMBER
Classification number 650.072
Item number S87R
100 1# - MAIN ENTRY--PERSONAL NAME
Personal name Saunders, Mark
245 1# - TITLE STATEMENT
Title Research methods for business students
Statement of responsibility, etc by Mark Saunders...[et.al.]
260 ## - PUBLICATION, DISTRIBUTION, ETC. (IMPRINT)
Place of publication, distribution, etc New Delhi
Name of publisher, distributor, etc Pearson
Date of publication, distribution, etc 2003
300 ## - PHYSICAL DESCRIPTION
Extent 514p.
690 ## - LOCAL SUBJECT ADDED ENTRY--TOPICAL TERM (OCLC, RLIN)
Topical term or geographic name as entry element Business--Research--Data processing; Business--Research; Business--Research--Methodology; Management--Research--Methodology; Business communication; Study skills; Business--Study and teaching (Graduate); Information retrieval
700 ## - ADDED ENTRY--PERSONAL NAME
Personal name Lewis, Philip
Numeration
Titles and other words associated with a name
Holdings
Withdrawn status Lost status Damaged status Not for loan Home library Current library Date acquired Cost, normal purchase price Total Checkouts Full call number Barcode Date last seen Price effective from Koha item type
        Central University Of Rajasthan Central University Of Rajasthan 07/03/2012 425.00   650.072 S87R 4906 21/11/2024 02/09/2020 Books